000 01980nam a22004577a 4500
003 CHAP
005 20220817042853.0
008 971013s1981 r 00010 d
010 _a58391
011 _a59363
035 _a63521
040 _cCHAP
082 _a631.585
_bS3
100 0 0 _aSánchez del Castillo, Felipe.
_9107463
245 _aHidroponia
_b: un sistema de producción, principios y métodos de cultivo
260 _aMéxico, D.F. :
_bPATUACH,
_c1981
300 _a176 p.
_b: ilus. ; gráfs.
590 _aBATCH-UPD
_b10
_c20130110
_lUCH01
_h0043
590 _aBATCH-UPD
_b10
_c20130110
_lUCH01
_h0916
590 _aBATCH-UPD
_b10
_c20130409
_lUCH01
_h2029
590 _aBATCH-UPD
_b10
_c20130914
_lUCH01
_h1616
590 _aCONVERSION
_b10
_c20130109
_lUCH01
_h1331
650 1 4 _aHidroponía.
_955280
700 0 _aEscalante Rebolledo, Edgardo R.
_937405
710 _aUACH. Departamento de Fitotecnia
901 _aBK
942 _cLIBRO
949 _a631.585 S3
_bBC
_cLIBRO
_d-136514
_eLIBRO
_fc.4
_h54606
_i63521
_si
949 _a631.585 S3
_bBC
_cLIBRO
_d-136516
_eLIBRO
_fc.6
_h56530
_i63521
_si
949 _a631.585 S3
_bBC
_cLIBRO
_d-136517
_eLIBRO
_fc.7
_h56531
_i63521
_si
949 _a631.585 S3
_bBC
_cLIBRO
_d-136519
_eLIBRO
_fc.8
_h56532
_i63521
_si
949 _a631.585 S3
_bBC
_cLIBRO
_d-136520
_eLIBRO
_fc.9
_h54533
_i63521
_si
949 _a631.585 S3
_bBC
_cLIBRO
_d-136521
_eLIBRO
_fc.10
_h56534
_i63521
_si
949 _a631.585 S3
_bBC
_cLIBRO
_d-136525
_eLIBRO
_fc.13
_h61639
_i63521
_si
949 _a631.585 S3
_bBC
_cLIBRO
_d33724000749222
_eLIBRO
_fc.2
_h54604
_i63521
_si
949 _a631.585 S3
_bBC
_cLIBRO
_d33724000749883
_eLIBRO
_fc.12
_h61638
_i63521
_si
949 _a631.585 S3
_bBC
_cLIBRO
_d33724000881629
_eLIBRO
_fc.3
_h54605
_i63521
_si
949 _a631.585 S3
_bBC
_cLIBRO
_d33724000904017
_eLIBRO
_fc.11
_h61637
_i63521
_si
949 _a631.585 S3
_bBC
_cLIBRO
_d33724000936639
_eLIBRO
_h54603
_i63521
_si
949 _a631.585 S3
_bBC
_cLIBRO
_d33724000959128
_eLIBRO
_fc.5
_h54607
_i63521
_si
999 _c58391
_d58391